ARRUPE JESUIT UNIVERSITY

CORONAVIRUS -STOP THE SPREAD - CLEAN,DISINFECT,COVER

The sonnets (Record no. 122332)

MARC details
000 -LEADER
fixed length control field 00810cam a2200253 a 4500
001 - CONTROL NUMBER
control field 15230012
003 - CONTROL NUMBER IDENTIFIER
control field ARRUPE
005 - DATE AND TIME OF LATEST TRANSACTION
control field 20150324144008.0
008 - FIXED-LENGTH DATA ELEMENTS--GENERAL INFORMATION
fixed length control field 080324s2008 nyu b 001 0 eng
010 ## - LIBRARY OF CONGRESS CONTROL NUMBER
LC control number 2008012830
020 ## - INTERNATIONAL STANDARD BOOK NUMBER
International Standard Book Number 9780791095973
040 ## - CATALOGING SOURCE
Original cataloging agency DLC
Transcribing agency DLC
Modifying agency DLC
043 ## - GEOGRAPHIC AREA CODE
Geographic area code e-uk-en
050 00 - LIBRARY OF CONGRESS CALL NUMBER
Classification number PR2848
Item number .S64 2008
082 00 - DEWEY DECIMAL CLASSIFICATION NUMBER
Classification number 821/.3
Edition number 22
300 ## - PHYSICAL DESCRIPTION
Dimensions 19 cm.
100 ## - MAIN ENTRY--PERSONAL NAME
Personal name Shakespeare, William
9 (RLIN) 15960
245 04 - TITLE STATEMENT
Title The sonnets
Statement of responsibility, etc / William Shakespeare; illustrated by Ian Penney
260 ## - PUBLICATION, DISTRIBUTION, ETC. (IMPRINT)
Place of publication, distribution, etc London :
Name of publisher, distributor, etc Barrie and Jenkins,
Date of publication, distribution, etc 1988.
300 ## - PHYSICAL DESCRIPTION
Extent 191 p. ;
700 1# - ADDED ENTRY--PERSONAL NAME
Personal name Penny, Ian (illust.)
9 (RLIN) 15980
906 ## - LOCAL DATA ELEMENT F, LDF (RLIN)
a 7
b cbc
c orignew
d 1
e ecip
f 20
g y-gencatlg
942 ## - ADDED ENTRY ELEMENTS (KOHA)
Source of classification or shelving scheme Library of Congress Classification
Koha item type Monograph ( Printed materials)
Holdings
Withdrawn status Lost status Source of classification or shelving scheme Damaged status Not for loan Collection code Home library Current library Shelving location Date acquired Total Checkouts Full call number Barcode Date last seen Price effective from Koha item type
    Library of Congress Classification     Main Collection ARRUPE LIBRARY ARRUPE LIBRARY Main Collection 09/03/2015   PR2848.P416 46500002710 09/03/2015 09/03/2015 Monograph ( Printed materials)

 

Arrupe Library. PO Box MP320 Mt Pleasant, Harare, Zimbabwe
263 242 745411|librarian@aju.ac.zw